01219nam a2200265 a 450000100060000000300080000600500170001400800410003102000150007203500190008704000320010604100080013808200240014624502790017025000120044926000400046130000350050149000610053650400200059765000290061770000390064670000400068571001670072585600610089254585BD-RjUL20211209080136.0161108s1985 enka 001 0 eng d a0534066666 a(BD-RjUL)54707 aDLCcDLCdDLCdBD-RjULbeng aeng00a519.5bSTA 198522310aStatistics :ba guide to the unknown.cEdited by Judith M. Tanur... [et al.] ; The joint committee on the currieculum in statistics and probability of the American Statistical Association and the national council of teachers of Mathematics ; special editor Erich L. Lehmannm a2nd ed. aSan Francisco :bHolden-Day,cc1985 axxxi, 496 p. :bill, ;c24 cm. aThe Wadsworth & Brooks/Cole statistic/probability series aIncludes index. 0aMathematical statistics.1 aTanur, Judith M....[et al.], eed.1 aLehmannm, Erich L., special editor 2 aThe joint committee on the currieculum in statistics and probability of the American Statistical Association and the national council of teachers of Mathematics.  3The Wadsworth & Brooks/Cole statistic/probability series